Happy feet (Record no. 46209)
[ view plain ]
| 000 -LEADER | |
|---|---|
| fixed length control field | 05255cgm a2201021Ia 4500 |
| 001 - CONTROL NUMBER | |
| control field | ocm77589800 |
| 003 - CONTROL NUMBER IDENTIFIER | |
| control field | OCoLC |
| 005 - DATE AND TIME OF LATEST TRANSACTION | |
| control field | 20241220120453.0 |
| 007 - PHYSICAL DESCRIPTION FIXED FIELD--GENERAL INFORMATION | |
| fixed length control field | vd cvaizq |
| 008 - FIXED-LENGTH DATA ELEMENTS--GENERAL INFORMATION | |
| fixed length control field | 070111s2007 cau109 g vaeng d |
| 020 ## - INTERNATIONAL STANDARD BOOK NUMBER | |
| International Standard Book Number | 1419846248 |
| 020 ## - INTERNATIONAL STANDARD BOOK NUMBER | |
| International Standard Book Number | 9781419846243 |
| 024 1# - OTHER STANDARD IDENTIFIER | |
| Standard number or code | 085391120926 |
| 024 1# - OTHER STANDARD IDENTIFIER | |
| Standard number or code | 085391120919 |
| 028 42 - PUBLISHER NUMBER | |
| Publisher number | 112092 |
| Source | Warner Home Video |
| 028 42 - PUBLISHER NUMBER | |
| Publisher number | 112091 |
| Source | Warner Home Video |
| 035 ## - SYSTEM CONTROL NUMBER | |
| System control number | (Sirsi) i9781419846243 |
| 035 ## - SYSTEM CONTROL NUMBER | |
| System control number | (OCoLC)77589800 |
| 037 ## - SOURCE OF ACQUISITION | |
| Source of stock number/acquisition | Midwest Tape |
| Note | http://www.midwesttapes.com |
| 040 ## - CATALOGING SOURCE | |
| Original cataloging agency | TEFMT |
| Transcribing agency | TEFMT |
| Modifying agency | TEF |
| -- | RCS |
| -- | LEO |
| -- | JED |
| -- | UINTA |
| Description conventions | |
| 041 1# - LANGUAGE CODE | |
| Language code of text/sound track or separate title | eng |
| -- | fre |
| -- | spa |
| Language code of summary or abstract/overprinted title or subtitle | eng |
| -- | fre |
| -- | spa |
| Language code of original and/or intermediate translations of text | eng |
| 043 ## - GEOGRAPHIC AREA CODE | |
| Geographic area code | t------ |
| 049 ## - LOCAL HOLDINGS (OCLC) | |
| Holding library | UCLB |
| 050 14 - LIBRARY OF CONGRESS CALL NUMBER | |
| Classification number | PN1195.9.A5 |
| Item number | H3779 2007 |
| 082 04 - DEWEY DECIMAL CLASSIFICATION NUMBER | |
| Classification number | 791.43/72 |
| Edition number | 22 |
| 092 ## - LOCALLY ASSIGNED DEWEY CALL NUMBER (OCLC) | |
| Classification number | 791.437 |
| 130 0# - MAIN ENTRY--UNIFORM TITLE | |
| Uniform title | Happy feet (Motion picture) |
| 9 (RLIN) | 55615 |
| 245 10 - TITLE STATEMENT | |
| Title | Happy feet |
| 250 ## - EDITION STATEMENT | |
| Edition statement | Widescreen ed. |
| 260 ## - PUBLICATION, DISTRIBUTION, ETC. (IMPRINT) | |
| Place of publication, distribution, etc | Burbank, CA : |
| Name of publisher, distributor, etc | Warner Home Video, |
| Date of publication, distribution, etc | [2007] |
| 264 ## - Production, Publication, Distribution, Manufacture, and Copyright Notice. | |
| Place of production, publication, distribution, manufacture | Burbank, CA : |
| Name of producer, publisher, distributor, manufacturer | Warner Home Video, |
| Date of production, publication, distribution, manufacture, or copyr | [2007] |
| 300 ## - PHYSICAL DESCRIPTION | |
| Extent | 1 videodisc (109 min.) : |
| Other physical details | sd., col. ; |
| Dimensions | 4 3/4 in. |
| 500 ## - GENERAL NOTE | |
| General note | Special features: Two new fully animated additional sequences: "Mumble meets a blue whale" and "A 'Happy feet' moment"; take a private dance lesson with Savion Glover; two music videos: "Hit me up" by Gia and "The song of the heart" by Prince; classic cartoon "I love to singa"; theatrical trailer. |
| 508 ## - CREATION/PRODUCTION CREDITS NOTE | |
| Creation/production credits note | Editor, Christian Gazal ; music, John Powell ; production designer, Mark Sexton ; visual effects supervisors, Peter Oberdorfer, Todd Shifflett. |
| 511 0# - PARTICIPANT OR PERFORMER NOTE | |
| Participant or performer note | Voices, Elijah Wood, Brittany Murphy, Hugh Jackman, Nicole Kidman, Hugo Weaving, Robin Williams, Johnny A. Sanchez, Carlos Alazraqui, Lombardo Boyar. |
| 520 ## - SUMMARY, ETC. | |
| Summary, etc | Emperor Penguins from Antarctica each express their true love with a special heartsong of their own that expresses their very being. However, the misfit Mumble cannot sing. Instead he has an extraordinary talent to tap dance with almost magical energy and expression. Nevertheless, the leadership of the colony fearfully blames the young penguin's unorthodox ways for the lean fishing that threatens them all. Defiant in the face of unjust rejection, Mumble and his true friends set out to find the true cause of the famine. Through the friends trials and perils, Mumble learns many things about his frozen world, not the least of which being that his toe tapping talent may be what he needs to save his people. |
| 521 8# - TARGET AUDIENCE NOTE | |
| Target audience note | MPAA rating: PG; for some mild peril and rude humor. |
| 538 ## - SYSTEM DETAILS NOTE | |
| System details note | DVD, region 1, widescreen (2.40:1) presentation; Dolby Digital 5.1 surround, DVD-9, dual-layer. |
| 546 ## - LANGUAGE NOTE | |
| Language note | English, dubbed French or Spanish dialogue, English, French or Spanish subtitles; closed-captioned. |
| 586 8# - AWARDS NOTE | |
| Awards note | Golden Globes, USA, 2007: Best Original Song - Motion Picture. |
| 650 #0 - SUBJECT ADDED ENTRY--TOPICAL TERM | |
| Topical term or geographic name as entry element | Emperor penguin |
| Form subdivision | Juvenile drama. |
| 9 (RLIN) | 6476336 |
| 650 #0 - SUBJECT ADDED ENTRY--TOPICAL TERM | |
| Topical term or geographic name as entry element | Tap dancing |
| Form subdivision | Juvenile drama. |
| 9 (RLIN) | 6476337 |
| 650 #0 - SUBJECT ADDED ENTRY--TOPICAL TERM | |
| Topical term or geographic name as entry element | Fishing |
| General subdivision | Catch effort |
| Geographic subdivision | Antarctic regions |
| Form subdivision | Juvenile drama. |
| 9 (RLIN) | 6476338 |
| 650 #0 - SUBJECT ADDED ENTRY--TOPICAL TERM | |
| Topical term or geographic name as entry element | Friendship |
| Geographic subdivision | Antarctic regions |
| Form subdivision | Juvenile drama. |
| 9 (RLIN) | 6476339 |
| 650 #1 - SUBJECT ADDED ENTRY--TOPICAL TERM | |
| Topical term or geographic name as entry element | Fishing |
| General subdivision | Catch effort |
| Geographic subdivision | Antarctic regions |
| Form subdivision | Drama. |
| 9 (RLIN) | 6476340 |
| 650 #1 - SUBJECT ADDED ENTRY--TOPICAL TERM | |
| Topical term or geographic name as entry element | Friendship |
| Geographic subdivision | Antarctic regions |
| Form subdivision | Drama. |
| 9 (RLIN) | 6476341 |
| 650 #7 - SUBJECT ADDED ENTRY--TOPICAL TERM | |
| Topical term or geographic name as entry element | Danza |
| Form subdivision | Teatro juvenil. |
| Source of heading or term | bidex |
| 9 (RLIN) | 6476342 |
| 650 #7 - SUBJECT ADDED ENTRY--TOPICAL TERM | |
| Topical term or geographic name as entry element | Pesca |
| Geographic subdivision | Antarctica |
| Form subdivision | Teatro juvenil. |
| Source of heading or term | bidex |
| 9 (RLIN) | 6476343 |
| 650 #4 - SUBJECT ADDED ENTRY--TOPICAL TERM | |
| Topical term or geographic name as entry element | Emperor penguin |
| Form subdivision | Juvenile drama. |
| 9 (RLIN) | 6476344 |
| 650 #4 - SUBJECT ADDED ENTRY--TOPICAL TERM | |
| Topical term or geographic name as entry element | Tap dancing |
| Form subdivision | Juvenile drama. |
| 9 (RLIN) | 6476345 |
| 650 #4 - SUBJECT ADDED ENTRY--TOPICAL TERM | |
| Topical term or geographic name as entry element | Fishing |
| General subdivision | Catch effort |
| Geographic subdivision | Antarctica |
| Form subdivision | Juvenile drama. |
| 9 (RLIN) | 6476346 |
| 650 #4 - SUBJECT ADDED ENTRY--TOPICAL TERM | |
| Topical term or geographic name as entry element | Friendship |
| Geographic subdivision | Antarctica |
| Form subdivision | Juvenile drama. |
| 9 (RLIN) | 6476347 |
| 651 #0 - SUBJECT ADDED ENTRY--GEOGRAPHIC NAME | |
| Geographic name | Antarctica |
| Form subdivision | Juvenile drama. |
| 9 (RLIN) | 6476348 |
| 651 #4 - SUBJECT ADDED ENTRY--GEOGRAPHIC NAME | |
| Geographic name | Antarctica |
| Form subdivision | Juvenile drama. |
| 9 (RLIN) | 6476349 |
| 655 #0 - INDEX TERM--GENRE/FORM | |
| Genre/form data or focus term | Feature films. |
| 9 (RLIN) | 6172016 |
| 655 #0 - INDEX TERM--GENRE/FORM | |
| Genre/form data or focus term | Animated films. |
| 9 (RLIN) | 6172017 |
| 655 #7 - INDEX TERM--GENRE/FORM | |
| Genre/form data or focus term | Animals in motion pictures. |
| Source of term | local |
| 9 (RLIN) | 5778257 |
| 655 #7 - INDEX TERM--GENRE/FORM | |
| Genre/form data or focus term | Children's films. |
| Source of term | local |
| 9 (RLIN) | 6172018 |
| 655 #0 - INDEX TERM--GENRE/FORM | |
| Genre/form data or focus term | Fantasy films. |
| 9 (RLIN) | 6172019 |
| 655 #0 - INDEX TERM--GENRE/FORM | |
| Genre/form data or focus term | Action and adventure films. |
| 9 (RLIN) | 5674017 |
| 655 #0 - INDEX TERM--GENRE/FORM | |
| Genre/form data or focus term | Video recordings for the hearing impaired. |
| 9 (RLIN) | 6172020 |
| 655 #7 - INDEX TERM--GENRE/FORM | |
| Genre/form data or focus term | Animals |
| Form subdivision | Animation |
| -- | Feature. |
| Source of term | local |
| 9 (RLIN) | 6476350 |
| 655 #7 - INDEX TERM--GENRE/FORM | |
| Genre/form data or focus term | Children's |
| Form subdivision | Animation |
| -- | Feature. |
| Source of term | local |
| 9 (RLIN) | 5693066 |
| 655 #7 - INDEX TERM--GENRE/FORM | |
| Genre/form data or focus term | Fantasy |
| Form subdivision | Animation |
| -- | Feature. |
| Source of term | local |
| 9 (RLIN) | 5693068 |
| 655 #7 - INDEX TERM--GENRE/FORM | |
| Genre/form data or focus term | Adventure |
| Form subdivision | Animation |
| -- | Feature. |
| Source of term | local |
| 9 (RLIN) | 5693067 |
| 700 1# - ADDED ENTRY--PERSONAL NAME | |
| Personal name | Miller, Bill. |
| 9 (RLIN) | 40179 |
| 700 1# - ADDED ENTRY--PERSONAL NAME | |
| Personal name | Miller, George, |
| Dates associated with a name | 1945 Mar. 3- |
| 9 (RLIN) | 59413 |
| 700 1# - ADDED ENTRY--PERSONAL NAME | |
| Personal name | Mitchell, Doug. |
| 9 (RLIN) | 50349 |
| 700 1# - ADDED ENTRY--PERSONAL NAME | |
| Personal name | Coleman, Warren. |
| 9 (RLIN) | 41770 |
| 700 1# - ADDED ENTRY--PERSONAL NAME | |
| Personal name | Collee, John. |
| 9 (RLIN) | 21892 |
| 700 1# - ADDED ENTRY--PERSONAL NAME | |
| Personal name | Morris, Judy, |
| Dates associated with a name | 1947- |
| 9 (RLIN) | 70114 |
| 700 1# - ADDED ENTRY--PERSONAL NAME | |
| Personal name | Wood, Elijah, |
| Dates associated with a name | 1981- |
| 9 (RLIN) | 61752 |
| 700 1# - ADDED ENTRY--PERSONAL NAME | |
| Personal name | Murphy, Brittany. |
| 9 (RLIN) | 65781 |
| 700 1# - ADDED ENTRY--PERSONAL NAME | |
| Personal name | Jackman, Hugh. |
| 9 (RLIN) | 49889 |
| 700 1# - ADDED ENTRY--PERSONAL NAME | |
| Personal name | Kidman, Nicole, |
| Dates associated with a name | 1967- |
| 9 (RLIN) | 63505 |
| 700 1# - ADDED ENTRY--PERSONAL NAME | |
| Personal name | Weaving, Hugo, |
| Dates associated with a name | 1960- |
| 9 (RLIN) | 59349 |
| 700 1# - ADDED ENTRY--PERSONAL NAME | |
| Personal name | Williams, Robin, |
| Dates associated with a name | 1952 July 21- |
| 9 (RLIN) | 48605 |
| 700 1# - ADDED ENTRY--PERSONAL NAME | |
| Personal name | Sanchez, Johnny A. |
| 9 (RLIN) | 6172022 |
| 700 1# - ADDED ENTRY--PERSONAL NAME | |
| Personal name | Alazraqui, Carlos. |
| 9 (RLIN) | 5812985 |
| 700 1# - ADDED ENTRY--PERSONAL NAME | |
| Personal name | Boyar, Lombardo. |
| 9 (RLIN) | 71020 |
| 700 1# - ADDED ENTRY--PERSONAL NAME | |
| Personal name | Powell, John. |
| 9 (RLIN) | 30360 |
| 710 2# - ADDED ENTRY--CORPORATE NAME | |
| Corporate name or jurisdiction name as entry element | Kingdom Feature Productions (Firm) |
| 9 (RLIN) | 6172023 |
| 710 2# - ADDED ENTRY--CORPORATE NAME | |
| Corporate name or jurisdiction name as entry element | Animal Logic (Firm) |
| 9 (RLIN) | 5740242 |
| 710 2# - ADDED ENTRY--CORPORATE NAME | |
| Corporate name or jurisdiction name as entry element | Kennedy Miller (Firm) |
| 9 (RLIN) | 70310 |
| 710 2# - ADDED ENTRY--CORPORATE NAME | |
| Corporate name or jurisdiction name as entry element | Village Roadshow Pictures. |
| 9 (RLIN) | 64462 |
| 710 2# - ADDED ENTRY--CORPORATE NAME | |
| Corporate name or jurisdiction name as entry element | Warner Home Video (Firm) |
| 9 (RLIN) | 61103 |
| 942 ## - ADDED ENTRY ELEMENTS (KOHA) | |
| Koha item type | DVD |
| Source of classification or shelving scheme | Dewey Decimal Classification |
| Withdrawn status | Lost status | Source of classification or shelving scheme | Damaged status | Not for loan | Collection code | Home library | Current library | Shelving location | Date acquired | Source of acquisition | Cost, normal purchase price | Total Checkouts | Total Renewals | Full call number | Barcode | Date last seen | Date checked out | Cost, replacement price | Price effective from | Koha item type | Checked out |
|---|---|---|---|---|---|---|---|---|---|---|---|---|---|---|---|---|---|---|---|---|---|
| Dewey Decimal Classification | Children Movies | Wasatch County Library | Wasatch County Library | Audio Visual Area | 05/31/2013 | Amazon | 15.95 | 136 | 30 | E DVD Hap | 34301001330507 | 10/25/2025 | 10/14/2025 | 15.95 | 03/20/2020 | DVD | |||||
| Dewey Decimal Classification | Children Movies | Wasatch County Library | Wasatch County Library | Audio Visual Area | 03/10/2016 | Donation | 54 | 31 | E Movie Happy Feet | 34301001450115 | 03/11/2026 | 03/11/2026 | 25.00 | 03/20/2020 | DVD | 03/31/2026 |
